Catálogo

Notas para el estudio de la globalización : (Registro nro. 37394)

Detalles MARC
000 -LEADER
fixed length control field 00723cam a2200205 i 4500
001 - CONTROL NUMBER
control field 37394
003 - CONTROL NUMBER IDENTIFIER
control field Mx-PuUPA
005 - DATE AND TIME OF LATEST TRANSACTION
control field 20250919105121.0
008 - FIXED-LENGTH DATA ELEMENTS--GENERAL INFORMATION
fixed length control field 140415s2000 000 0 spa d
020 ## - INTERNATIONAL STANDARD BOOK NUMBER
International Standard Book Number 9789507866111
040 ## - CATALOGING SOURCE
Transcribing agency Mx-PuUPA
041 0# - LANGUAGE CODE
Language code of text/sound track or separate title spa
082 04 - DEWEY DECIMAL CLASSIFICATION NUMBER
Classification number xx
Item number xx
Edition number 23
245 13 - TITLE STATEMENT
Title Notas para el estudio de la globalización :
Remainder of title un abordaje multidimensional de las transformaciones sociales contemporáneas /
Statement of responsibility, etc. Perla Aronso, coordinadora
264 #1 - PRODUCTION, PUBLICATION, DISTRIBUTION, MANUFACTURE, AND COPYRIGHT NOTICE
Place of production, publication, distribution, manufacture Buenos Aires :
Name of producer, publisher, distributor, manufacturer Editorial Biblos,
Date of production, publication, distribution, manufacture, or copyright notice 2007
300 ## - PHYSICAL DESCRIPTION
Extent 159 páginas ;
Dimensions 23 cm
700 1# - ADDED ENTRY--PERSONAL NAME
Personal name Aronson, Perla,
Relator term coordinador
942 ## - ADDED ENTRY ELEMENTS (KOHA)
Source of classification or shelving scheme Dewey Decimal Classification
Koha item type Libro
Classification part xx
Item part xx
Existencias
Withdrawn status Lost status Source of classification or shelving scheme Damaged status Not for loan Collection code Home library Current library Shelving location Date acquired Source of acquisition Total Checkouts Full call number Barcode Price effective from Koha item type
    Dewey Decimal Classification   En catalogación General Biblioteca Karol Wojtyla Biblioteca Karol Wojtyla Procesos técnicos 03/12/2013 Donación   xx 47947 03/12/2013 Libro